[Event "ch-IND"]
[Site "Mumbai IND"]
[Date "2003.01.21"]
[Round "6"]
[White "Ravi,L"]
[Black "Prathamesh,S"]
[Result "1-0"]
[WhiteElo "2419"]
[BlackElo "2366"]
[EventDate "2003.01.18"]

1. d4 Nf6 2. Nf3 e6 3. c4 b6 4. Bf4 Bb7 5. e3 Be7 6. Nc3 O-O 7. Qc2 c5 8.
dxc5 bxc5 9. Be2 d5 10. cxd5 exd5 11. O-O Nh5 12. Be5 Nd7 13. Rfd1 Nhf6 14.
Bg3 Qb6 15. Ne5 Rfd8 16. Bf3 Nxe5 17. Bxe5 Qe6 18. Bg3 Bc6 19. Rac1 d4 20.
Bxc6 Qxc6 21. exd4 cxd4 22. Qa4 Rac8 23. Rxd4 Qxa4 24. Rxa4 Bc5 25. Kf1 Bb6
26. Bf4 h6 27. Re1 Nd5 28. Bd2 Nc7 29. Be3 Ne6 30. Bxb6 axb6 31. Rb4 Rc6
32. Rd1 Rxd1+ 33. Nxd1 Nc5 34. Ke2 Re6+ 35. Ne3 Kf8 36. h4 h5 37. Rb5 Ke7
38. Rxb6 Rxb6 39. Nd5+ Kd6 40. Nxb6 Kc6 41. Nc4 Kd5 42. Ne3+ Ke4 43. Nd1
Kd4 44. Kd2 f6 45. Nc3 g5 46. Ne2+ Ke5 47. hxg5 fxg5 48. Ke3 h4 49. f4+
gxf4+ 50. Nxf4 Kf5 51. Nd3 Na4 52. Kf3 Kg5 53. b3 Nc3 54. a4 Kf5 55. Nf4
Ne4 56. Ne2 Nc5 57. Nd4+ Ke5 58. Ke3 Kf6 59. a5 Kg5 60. b4 Nb7 61. Nf3+ Kg4
62. Kd4 1-0

[Event "ch-IND"]
[Site "Mumbai IND"]
[Date "2003.01.21"]
[Round "6"]
[White "Prakash,G"]
[Black "Roy Chowdhury,S"]
[Result "1/2-1/2"]
[WhiteElo "2439"]
[BlackElo "2395"]
[EventDate "2003.01.18"]

1. d4 d5 2. c4 e6 3. Nc3 Nf6 4. Bg5 Be7 5. e3 O-O 6. Nf3 h6 7. Bxf6 Bxf6 8.
Rc1 c6 9. Bd3 Nd7 10. O-O dxc4 11. Bxc4 e5 12. h3 exd4 13. exd4 Nb6 14. Bb3
Re8 15. Re1 Bf5 16. Rxe8+ Qxe8 17. Qd2 Qd7 18. Re1 a5 19. Ne4 Bxe4 20. Rxe4
a4 21. Bc2 Nc4 22. Qb4 b5 23. b3 axb3 24. Bxb3 Na5 25. Bc2 Nb7 26. a4 Nd6
27. Ne5 Bxe5 28. Rxe5 bxa4 29. Bxa4 c5 30. dxc5 Qxa4 31. Qxa4 Rxa4 32. cxd6
Rd4 33. Re8+ Kh7 34. Rd8 Kg6 35. g4 h5 36. gxh5+ Kxh5 37. Kg2 Kg5 38. Kf3
Kf6 39. Ke3 Rd1 40. Ke4 Ke6 41. Re8+ Kf6 42. Rd8 Ke6 1/2-1/2

[Event "ch-IND"]
[Site "Mumbai IND"]
[Date "2003.01.21"]
[Round "6"]
[White "Suvrajit,S"]
[Black "Ramesh,R"]
[Result "0-1"]
[WhiteElo "2390"]
[BlackElo "2472"]
[EventDate "2003.01.18"]

1. d4 Nf6 2. Nf3 e6 3. e3 b6 4. Bd3 Bb7 5. O-O d5 6. c4 dxc4 7. Bxc4 a6 8.
b3 Nbd7 9. Bb2 c5 10. Nbd2 b5 11. Be2 Be7 12. a4 b4 13. Nc4 O-O 14. a5 Qc7
15. Nfe5 Rad8 16. Qe1 cxd4 17. Nxd7 Nxd7 18. Bxd4 e5 19. Bb2 f6 20. Rc1 Qb8
21. Bg4 Bd5 22. f4 Nc5 23. Nb6 Nd3 24. Nxd5 Rxd5 25. Be6+ Kh8 26. Qh4 Nxc1
27. Bxd5 Ne2+ 28. Kh1 Qd8 29. Be6 Qd3 30. Bc4 Qd2 31. Bxe5 Qxe3 32. Ba1 Bc5
33. Bxa6 Nc3 34. Bc4 Ne4 35. a6 Rd8 36. Be5 Nf2+ 37. Kg1 Ne4+ 38. Kh1 h6
39. Bc7 Rd2 40. Bb8 Nf2+ 41. Kg1 Nd3+ 42. Kh1 Qe2 43. Rg1 Qxg2+ 0-1

[Event "ch-IND"]
[Site "Mumbai IND"]
[Date "2003.01.21"]
[Round "6"]
[White "Soman,S"]
[Black "Arvind,S"]
[Result "1-0"]
[WhiteElo "2364"]
[BlackElo "2330"]
[EventDate "2003.01.18"]

1. d4 Nf6 2. Nf3 c5 3. e3 e6 4. Be2 b6 5. O-O Bb7 6. b3 Be7 7. Bb2 O-O 8.
Nbd2 d6 9. Re1 Nbd7 10. Bd3 Qc7 11. a4 a6 12. Rc1 Rfe8 13. c4 Rad8 14. Bb1
Bf8 15. Ng5 d5 16. cxd5 exd5 17. Qc2 h6 18. Nh7 Ng4 19. Nf3 Be7 20. h3 Ngf6
21. dxc5 Ne4 22. c6 Bxc6 23. Qxc6 Qxc6 24. Rxc6 Kxh7 25. Rd1 Bc5 26. Rxd5
Ndf6 27. Rxd8 Rxd8 28. Bc2 Kg8 29. a5 Rb8 30. Be5 Rb7 31. b4 Bxb4 32. axb6
Kf8 33. Bd3 Ba5 34. Bc7 Bxb6 35. Bxb6 Rd7 36. Nd4 g6 1-0

[Event "ch-IND"]
[Site "Mumbai IND"]
[Date "2003.01.21"]
[Round "6"]
[White "Sriram,J"]
[Black "Kunte,A"]
[Result "1/2-1/2"]
[WhiteElo "2448"]
[BlackElo "2507"]
[EventDate "2003.01.18"]

1. d4 Nf6 2. c4 e6 3. Nf3 b6 4. g3 Ba6 5. Qa4 Bb7 6. Bg2 c5 7. dxc5 Bxc5 8.
O-O O-O 9. Nc3 Be7 10. Rd1 Na6 11. Bf4 Nc5 12. Qc2 a6 13. Rd4 d5 1/2-1/2

[Event "ch-IND"]
[Site "Mumbai IND"]
[Date "2003.01.22"]
[Round "7"]
[White "Kunte,A"]
[Black "Satyapragyan,S"]
[Result "1-0"]
[WhiteElo "2507"]
[BlackElo "2438"]
[EventDate "2003.01.18"]

1. Nf3 c5 2. g3 b6 3. Bg2 Bb7 4. c4 Nf6 5. Nc3 e6 6. O-O Be7 7. Re1 Ne4 8.
Nxe4 Bxe4 9. d3 Bb7 10. d4 cxd4 11. Qxd4 O-O 12. Bf4 d6 13. Qd2 Qc7 14.
Red1 Rd8 15. Rac1 Nc6 16. b3 Ne5 17. Qc3 Ng6 18. Be3 Rac8 19. h4 h6 20. Qb2
Bf6 21. Qa3 Qb8 22. Bd4 Bxd4 23. Rxd4 d5 24. cxd5 Rxc1+ 25. Qxc1 Rxd5 26.
Qd2 Qd8 27. Rxd5 Qxd5 28. Qxd5 Bxd5 29. Nd4 Ne7 30. e4 Bb7 31. Nb5 Nc8 32.
f4 Kf8 33. Kf2 Ke7 34. Ke3 Kd7 35. h5 Ba6 36. Nd4 Bb7 37. Bh3 Ke7 38. e5
Bd5 39. f5 a5 40. g4 exf5 41. gxf5 f6 42. Kf4 Na7 43. e6 Nc6 44. Nb5 Nb4
45. Nc3 Bc6 46. Kg3 Nd5 47. Ne2 Be8 48. Bg4 Kd6 49. Nf4 Nxf4 50. Kxf4 Kc5
51. Bf3 Kd6 52. a3 Bb5 53. Ke4 Bc6+ 54. Ke3 Be8 55. Kd4 Bb5 56. a4 Be8 57.
Ke4 Bc6+ 58. Ke3 Be8 59. Kd4 b5 60. b4 bxa4 61. bxa5 Bb5 62. Kc3 Kc5 63. e7
Be8 64. a6 Kb6 65. Be2 Bf7 66. Kb4 Be8 67. Bb5 a3 68. Bc4 a2 69. Bxa2 Kxa6
70. Bb3 Bxh5 71. Ba4 g5 72. Kc5 g4 73. e8=Q Bxe8 74. Bxe8 g3 75. Bc6 1-0

[Event "ch-IND"]
[Site "Mumbai IND"]
[Date "2003.01.22"]
[Round "7"]
[White "Ganguly,S"]
[Black "Ravi,L"]
[Result "1/2-1/2"]
[WhiteElo "2556"]
[BlackElo "2419"]
[EventDate "2003.01.18"]

1. e4 c5 2. Nf3 d6 3. d4 cxd4 4. Nxd4 Nf6 5. Nc3 a6 6. Be2 e5 7. Nb3 Be7 8.
O-O O-O 9. Kh1 b6 10. Be3 Bb7 11. f3 b5 12. Qd2 Nbd7 13. Rfd1 b4 14. Nd5
Nxd5 15. exd5 Nf6 16. Bc4 a5 17. a4 bxa3 18. Rxa3 a4 19. Nc1 Qc7 20. Ba2
Qd7 21. c4 Rfc8 22. Ne2 Bd8 23. Nc3 Ba5 24. Qc2 Bxc3 25. Rxc3 h6 26. Qf2 a3
27. Rxa3 Rxa3 28. bxa3 Qa4 29. Rb1 Ba6 30. c5 dxc5 31. Bxc5 Bc4 32. Bd6 e4
33. Rc1 Qa6 34. Qc2 Qxd6 35. Bxc4 exf3 36. gxf3 Qxa3 37. Rf1 Nxd5 38. Qe4
Ne3 39. Bxf7+ Kxf7 40. Qb7+ Kf6 41. Rg1 Nf5 42. Qxc8 Qxf3+ 43. Rg2 Qd1+ 44.
Rg1 Qd5+ 45. Rg2 Qd1+ 46. Rg1 Qf3+ 47. Rg2 Qd1+ 48. Rg1 Qd5+ 49. Rg2 Qd1+
1/2-1/2

[Event "ch-IND"]
[Site "Mumbai IND"]
[Date "2003.01.22"]
[Round "7"]
[White "Neelotpal,D"]
[Black "Prakash,G"]
[Result "1-0"]
[WhiteElo "2406"]
[BlackElo "2439"]
[EventDate "2003.01.18"]

1. e4 c6 2. d4 d5 3. f3 g6 4. Nc3 Bg7 5. Be3 dxe4 6. fxe4 Nf6 7. Nf3 Bg4 8.
Bc4 O-O 9. h3 Bxf3 10. Qxf3 e5 11. dxe5 Nfd7 12. O-O-O Qe7 13. e6 fxe6 14.
Qg4 Re8 15. Bg5 Bf6 16. Bxf6 Qxf6 17. Rhf1 Qe5 18. Rf5 Qg7 19. Rf2 Nf8 20.
Bxe6+ Kh8 21. Rf7 Qe5 22. Bc8 a5 23. Rdf1 Kg8 24. Qf3 Qg5+ 25. Kb1 Qd8 26.
Bxb7 Ra7 27. Qe3 Rxb7 28. Rxb7 Nbd7 29. Rd1 1-0

[Event "ch-IND"]
[Site "Mumbai IND"]
[Date "2003.01.22"]
[Round "7"]
[White "Ramesh,R"]
[Black "Sriram,J"]
[Result "1-0"]
[WhiteElo "2472"]
[BlackElo "2448"]
[EventDate "2003.01.18"]

1. e4 c5 2. Nf3 d6 3. d4 cxd4 4. Nxd4 Nf6 5. Nc3 a6 6. Be3 e5 7. Nb3 Be6 8.
f3 Nbd7 9. g4 b5 10. g5 b4 11. Nd5 Nxd5 12. exd5 Bf5 13. Bd3 Bxd3 14. Qxd3
Be7 15. h4 O-O 16. O-O-O a5 17. Nd2 f5 18. Kb1 a4 19. Nc4 Qc7 20. Rhe1 Rae8
21. b3 Bd8 22. f4 Qb8 23. Rf1 g6 24. h5 exf4 25. Bxf4 Ne5 26. Bxe5 dxe5 27.
hxg6 hxg6 28. d6 Qb7 29. Rh1 axb3 30. d7 bxc2+ 31. Qxc2 Re7 32. Qh2 Qe4+
33. Ka1 Rg7 34. Nd6 1-0

[Event "ch-IND"]
[Site "Mumbai IND"]
[Date "2003.01.22"]
[Round "7"]
[White "Venkatesh,M"]
[Black "Thipsay,P"]
[Result "1/2-1/2"]
[WhiteElo "2399"]
[BlackElo "2465"]
[EventDate "2003.01.18"]

1. e4 e5 2. Nf3 Nc6 3. Bb5 a6 4. Ba4 Nf6 5. O-O Be7 6. Re1 b5 7. Bb3 d6 8.
c3 O-O 9. h3 Na5 10. Bc2 c5 11. d4 Nd7 12. Nbd2 exd4 13. cxd4 Nc6 14. Nf1
Nxd4 15. Nxd4 cxd4 16. Qxd4 Ne5 17. f4 Nc6 18. Qd1 Bf6 19. Ne3 Nd4 20. Bd3
Bb7 21. Ng4 Bh4 22. Be3 Ne6 23. Re2 h5 24. Nf2 Bg3 25. f5 Nc5 26. Nh1 Be5
27. Bf2 Qg5 28. Rb1 Rfe8 29. b4 Na4 30. Qd2 Qxd2 31. Rxd2 Bf4 32. Rc2 Bxe4
33. Bxe4 Rxe4 34. Ng3 Rc4 35. Rxc4 bxc4 36. Ne2 Be5 37. Rc1 d5 38. Rd1 Rd8
39. Bd4 Nb2 40. Rd2 Nd3 41. Bxe5 Nxe5 42. a4 Nd3 43. b5 axb5 44. axb5 Ra8
45. Nc3 d4 46. Ne2 Rd8 47. b6 Rb8 48. Nxd4 Rxb6 49. Rc2 Ne5 50. Kf2 Kf8 51.
Re2 Nd3+ 52. Ke3 Rb8 53. Kd2 Rb2+ 54. Kc3 Ne5 55. g3 f6 1/2-1/2

[Event "ch-IND"]
[Site "Mumbai IND"]
[Date "2003.01.22"]
[Round "7"]
[White "Roy Chowdhury,S"]
[Black "Suvrajit,S"]
[Result "1/2-1/2"]
[WhiteElo "2395"]
[BlackElo "2390"]
[EventDate "2003.01.18"]

1. e4 Nf6 2. e5 Nd5 3. d4 d6 4. Nf3 Bg4 5. Be2 e6 6. O-O Be7 7. exd6 cxd6
8. h3 Bh5 9. c4 Nb6 10. b3 O-O 11. Bb2 Bf6 1/2-1/2

[Event "ch-IND"]
[Site "Mumbai IND"]
[Date "2003.01.22"]
[Round "7"]
[White "Prathamesh,S"]
[Black "Barua,D"]
[Result "0-1"]
[WhiteElo "2366"]
[BlackElo "2541"]
[EventDate "2003.01.18"]

1. e4 e6 2. d4 d5 3. e5 c5 4. c3 Qb6 5. Nf3 Bd7 6. Be2 Bb5 7. c4 Bxc4 8.
Bxc4 Qb4+ 9. Nbd2 dxc4 10. a3 Qb5 11. O-O Nc6 12. dxc5 Qxc5 13. Qe2 Nd4 14.
Nxd4 Qxd4 15. Nxc4 Rc8 16. Nd6+ Bxd6 17. Qb5+ Ke7 18. Qxb7+ Rc7 19. exd6+
Qxd6 20. Qf3 Qc6 21. Qg3 Nf6 22. Bd2 Qb7 23. Bb4+ Ke8 24. Rac1 Rd7 25. Rfd1
Rxd1+ 26. Rxd1 Rg8 27. Qd3 Qb8 28. Qc2 Nd5 29. Qxh7 Kd7 30. Qh5 g6 31.
Rxd5+ exd5 32. Qxd5+ Ke8 33. Qc6+ Kd8 34. Ba5+ Ke7 35. Bb4+ Kd8 36. Qf6+
Kc8 37. Qxf7 Rd8 38. Qc4+ Kb7 39. Qe4+ Ka6 40. Qxg6+ Kb5 41. Qf5+ Ka4 42.
Qc2+ Kb5 43. Qc5+ Ka4 44. Qc2+ Kb5 45. h3 Qe5 46. Bc3 Qd5 47. Qe2+ Ka4 48.
Qc2+ Kb5 49. a4+ Kb6 50. a5+ Kb5 51. Qe2+ Ka4 52. Qc2+ Kb5 53. Qe2+ Ka4 0-1

[Event "ch-IND"]
[Site "Mumbai IND"]
[Date "2003.01.22"]
[Round "8"]
[White "Sundararajan,K"]
[Black "Saravanan,V"]
[Result "1-0"]
[WhiteElo "2416"]
[BlackElo "2357"]
[EventDate "2003.01.18"]

1. Nf3 g6 2. c4 Bg7 3. d4 c5 4. e4 cxd4 5. Nxd4 Nc6 6. Be3 Nf6 7. Nc3 d6 8.
Be2 O-O 9. O-O Bd7 10. Qd2 Nxd4 11. Bxd4 Bc6 12. f3 a5 13. b3 Nd7 14. Be3
Nc5 15. Rab1 Qb6 16. Rfc1 Qb4 17. Rc2 Rfc8 18. Qc1 Qb6 19. Bf1 Qd8 20. Qd2
h5 21. Kh1 Kh7 22. Qf2 Bh6 23. Bxh6 Kxh6 24. e5 b6 25. Rd1 Nb7 26. Bd3 Qc7
27. e6 f5 28. Qe3+ Kh7 29. Bxf5 gxf5 30. Qg5 Rh8 31. Nd5 Bxd5 32. Qxf5+ Kh6
33. Qf4+ Kh7 34. Qf7+ Kh6 35. Rxd5 1-0

[Event "ch-IND"]
[Site "Mumbai IND"]
[Date "2003.01.22"]
[Round "8"]
[White "Prakash,G"]
[Black "Prathamesh,S"]
[Result "1/2-1/2"]
[WhiteElo "2439"]
[BlackElo "2366"]
[EventDate "2003.01.18"]

1. d4 Nf6 2. c4 e6 3. Nf3 b6 4. g3 Ba6 5. Nbd2 Bb7 6. Bg2 c5 7. e4 cxd4 8.
O-O d6 9. Nxd4 a6 10. Re1 Qc7 11. a4 Nbd7 12. a5 Rc8 13. N2b3 g6 14. axb6
Nxb6 15. Na5 Ba8 16. b4 Bg7 17. Bb2 O-O 18. Rc1 Nfd7 19. Qd2 Rfd8 20. Nf3
e5 21. Qe2 Nf8 22. c5 Nbd7 23. Qxa6 dxc5 24. Nb3 Qb8 1/2-1/2

[Event "ch-IND"]
[Site "Mumbai IND"]
[Date "2003.01.22"]
[Round "8"]
[White "Thipsay,P"]
[Black "Arvind,S"]
[Result "1-0"]
[WhiteElo "2465"]
[BlackElo "2330"]
[EventDate "2003.01.18"]

1. e4 e5 2. Nf3 Nc6 3. Bb5 a6 4. Ba4 Nf6 5. O-O b5 6. Bb3 Bc5 7. d3 O-O 8.
Nc3 Bb7 9. Be3 d6 10. a4 Nd4 11. axb5 Nxb3 12. cxb3 Bxe3 13. fxe3 axb5 14.
Rxa8 Qxa8 15. Nxb5 Qa5 16. Na3 Rb8 17. Nc4 Qb4 18. Nfd2 Ba6 19. Qe2 Bxc4
20. bxc4 Ra8 21. Nf3 Ra2 22. Rb1 h6 23. Nh4 Qb3 24. h3 Kf8 25. Nf5 Qa4 26.
Qf1 Qc2 27. Kh2 h5 28. Rc1 Qb3 29. c5 d5 30. exd5 Nxd5 31. Qf3 Nf6 32. Qg3
g6 33. Nh4 Qxb2 34. Rf1 Kg7 35. Qg5 Ra6 36. Nf5+ Kf8 37. Nd6 cxd6 38. Qxf6
Qb7 39. cxd6 Kg8 40. d7 1-0

[Event "ch-IND"]
[Site "Mumbai IND"]
[Date "2003.01.22"]
[Round "8"]
[White "Suvrajit,S"]
[Black "Neelotpal,D"]
[Result "1/2-1/2"]
[WhiteElo "2390"]
[BlackElo "2406"]
[EventDate "2003.01.18"]

1. d4 d5 2. c4 c6 3. Nf3 Nf6 4. Nc3 a6 5. e3 b5 6. cxd5 cxd5 7. Ne5 e6 8.
Bd3 Bb7 9. O-O Bd6 10. f4 Nbd7 11. Bd2 O-O 12. Be1 Ne4 13. Rc1 Rc8 14. Nxe4
dxe4 15. Rxc8 Qxc8 16. Nxd7 Qxd7 17. Bb1 Bd5 18. Rf2 f5 19. Rc2 b4 20. Rc1
g5 21. fxg5 Qg7 22. Bg3 Bxg3 23. hxg3 Qxg5 1/2-1/2

[Event "ch-IND"]
[Site "Mumbai IND"]
[Date "2003.01.22"]
[Round "8"]
[White "Soman,S"]
[Black "Kunte,A"]
[Result "1/2-1/2"]
[WhiteElo "2364"]
[BlackElo "2507"]
[EventDate "2003.01.18"]

1. d4 Nf6 2. Nf3 e6 3. Bg5 h6 4. Bxf6 Qxf6 5. e4 d6 6. Bd3 g6 7. O-O Bg7 8.
Nbd2 Nd7 9. c3 O-O 10. Qe2 Qe7 11. e5 dxe5 12. dxe5 a5 13. a4 Rd8 14. Nc4
Qc5 15. Rfe1 b6 16. Nd4 Ba6 17. f4 Nf8 18. Kh1 h5 19. b3 Rd7 20. Be4 Rad8
21. Nc6 Re8 22. Qf3 Bb7 23. Na3 f5 24. exf6 Bxf6 25. Nb5 Rd2 26. b4 1/2-1/2

[Event "ch-IND"]
[Site "Mumbai IND"]
[Date "2003.01.23"]
[Round "9"]
[White "Kunte,A"]
[Black "Sundararajan,K"]
[Result "1-0"]
[WhiteElo "2507"]
[BlackElo "2416"]
[EventDate "2003.01.18"]

1. Nf3 d5 2. b3 Nf6 3. Bb2 Bg4 4. e3 c6 5. h3 Bh5 6. Be2 Nbd7 7. O-O e6 8.
c4 Bd6 9. cxd5 cxd5 10. Nd4 Bxe2 11. Qxe2 a6 12. Nc3 O-O 13. Rac1 Qe7 14.
Rc2 Ba3 15. Bxa3 Qxa3 16. Rfc1 Nb6 17. f4 Rac8 18. Qd1 Rfd8 19. Nce2 Qd6
20. a4 Rxc2 21. Qxc2 Qb8 22. Qc7 Qxc7 23. Rxc7 Rd7 24. Rc2 Rd8 25. a5 Nc8
26. f5 e5 27. Nf3 e4 28. Nfd4 Nd6 29. g4 h6 30. Kf2 Rc8 31. Kg3 Rxc2 32.
Nxc2 g5 33. fxg6 fxg6 34. Nb4 Kf7 35. Nf4 g5 36. Nfxd5 Nxd5 37. Nxd5 Ke6
38. Nc3 Ke5 39. Kf2 Nf7 40. Na2 Nd8 41. Nb4 Kd6 42. Ke2 Kc5 43. Nc2 Kb5 44.
d3 exd3+ 45. Kxd3 Kxa5 46. Kc4 Kb6 47. Kd5 Nc6 48. Kd6 Kb5 49. Nd4+ Nxd4
50. exd4 a5 51. Kc7 Kb4 52. d5 1-0

[Event "ch-IND"]
[Site "Mumbai IND"]
[Date "2003.01.23"]
[Round "9"]
[White "Ganguly,S"]
[Black "Prakash,G"]
[Result "0-1"]
[WhiteElo "2556"]
[BlackElo "2439"]
[EventDate "2003.01.18"]

1. e4 c6 2. d4 d5 3. Nd2 dxe4 4. Nxe4 Bf5 5. Ng3 Bg6 6. h4 h6 7. Nf3 Nd7 8.
h5 Bh7 9. Bd3 Bxd3 10. Qxd3 e6 11. Bd2 Ngf6 12. O-O-O Be7 13. Kb1 O-O 14.
Qe2 c5 15. dxc5 Bxc5 16. Ne4 Nxe4 17. Qxe4 Nf6 18. Qxb7 Rb8 19. Qc6 Qe7 20.
Bf4 Rfc8 21. Qa6 Rb7 22. Bd6 Bxd6 23. Qxd6 Qe8 24. Rd3 a5 25. Re1 a4 26.
Nd4 Rcb8 27. b3 Rd7 28. Qc6 axb3 29. axb3 Qe7 30. Re5 Rc7 31. Rb5 Rbc8 32.
Rb7 Nd5 33. Rxc7 Rxc7 34. Qa8+ Kh7 35. Nb5 Rc5 36. Qb8 Qf6 37. f3 Qh4 38.
Na3 Nc3+ 39. Kb2 Qf6 40. Kc1 Rxh5 41. Kd2 Nd5 42. c4 Qg5+ 43. Kc2 Qxg2+ 44.
Rd2 Qg6+ 45. Kc1 Rh1+ 46. Rd1 Rxd1+ 47. Kxd1 Qd3+ 48. Kc1 Qc3+ 49. Nc2 Ne3
50. Qh2 Qxb3 51. c5 Nc4 52. Qf4 Qb2+ 53. Kd1 Qb1+ 54. Qc1 Nb2+ 0-1

[Event "ch-IND"]
[Site "Mumbai IND"]
[Date "2003.01.23"]
[Round "9"]
[White "Neelotpal,D"]
[Black "Sriram,J"]
[Result "1/2-1/2"]
[WhiteElo "2406"]
[BlackElo "2448"]
[EventDate "2003.01.18"]

1. e4 c5 2. Nc3 Nc6 3. f4 g6 4. Nf3 Bg7 5. Bc4 e6 6. O-O Nge7 7. e5 d5 8.
exd6 Nf5 9. Bb5 Qxd6 10. Ne4 Qc7 11. Ne5 Nfd4 12. Bxc6+ Nxc6 13. Nxc6 Qxc6
14. Qf3 O-O 15. d3 Bd7 16. Be3 b6 17. Qh3 Bxb2 18. Qh4 Bg7 19. Nf6+ Bxf6
20. Qxf6 Qd5 21. f5 Bc6 22. Rf2 Qd8 23. Qe5 Qd5 24. Qf6 Qd8 25. Qe5 Qd5 26.
Qf6 1/2-1/2

[Event "ch-IND"]
[Site "Mumbai IND"]
[Date "2003.01.23"]
[Round "9"]
[White "Ravi,L"]
[Black "Barua,D"]
[Result "1-0"]
[WhiteElo "2419"]
[BlackElo "2541"]
[EventDate "2003.01.18"]

1. d4 d5 2. c4 e6 3. Nc3 Nf6 4. Bg5 c6 5. e3 Nbd7 6. Nf3 Qa5 7. Nd2 dxc4 8.
Bxf6 Nxf6 9. Nxc4 Qc7 10. Be2 Be7 11. a3 O-O 12. b4 Rd8 13. O-O Bd7 14. Qb3
Be8 15. Rfc1 Rac8 16. Rab1 Qb8 17. g3 b6 18. a4 Nd5 19. Na2 c5 20. dxc5
bxc5 21. b5 Nb4 22. Bf1 h5 23. h4 a6 24. bxa6 Bc6 25. Nc3 Ba8 26. a5 Nxa6
27. Nb6 Qb7 28. Nxa8 Qxb3 29. Rxb3 Rxa8 30. Rb7 Kf8 31. Na4 Nb4 32. a6 Nxa6
33. Nb6 Nb4 34. Nxa8 Rxa8 35. Bg2 Re8 36. Kf1 g6 37. Ke2 Kg7 38. Ra1 Bd6
39. Raa7 Rf8 40. f4 e5 41. Rd7 Bb8 42. Rab7 exf4 43. gxf4 Kf6 44. Rb6+ 1-0

[Event "ch-IND"]
[Site "Mumbai IND"]
[Date "2003.01.23"]
[Round "9"]
[White "Venkatesh,M"]
[Black "Bakre,T"]
[Result "1-0"]
[WhiteElo "2399"]
[BlackElo "2464"]
[EventDate "2003.01.18"]

1. Nf3 c5 2. g3 Nc6 3. Bg2 g6 4. O-O Bg7 5. d3 e6 6. e4 Nge7 7. Re1 d6 8.
c3 O-O 9. h4 b5 10. d4 cxd4 11. cxd4 d5 12. e5 Qb6 13. g4 f5 14. exf6 Bxf6
15. Be3 b4 16. Nbd2 a5 17. Nb3 Bg7 18. Nc5 Kh8 19. Rc1 Ra7 20. Ng5 Nd8 21.
f4 Nec6 22. Rf1 Qb8 23. b3 Qd6 24. Qd2 Qe7 25. Nf3 e5 26. dxe5 Bxg4 27.
Qxd5 Bxf3 28. Rxf3 Qxh4 29. Ne6 Ne7 30. Qc4 Rd7 31. Nxf8 Bxf8 32. Qe2 Nf5
33. Bf2 Qe7 34. Bh3 Ne6 35. Bxf5 gxf5 36. Rd1 Nxf4 37. Qf1 Ne6 38. Rxd7
Qxd7 39. Qd3 Qg7+ 40. Kf1 f4 41. Qf5 Qe7 42. Rh3 Qd7 43. Qd3 Qb7 44. Bh4
Bg7 45. Be7 Kg8 46. Qxh7+ Kf7 47. Bd6 Qc8 48. Qf5+ Kg8 49. Kf2 Qd7 50. Rh4
Qa7+ 51. Kg2 Qb7+ 52. Kh2 Qd5 53. Rg4 f3 54. Kg3 f2 55. Qxf2 Qd3+ 56. Qf3
Qd2 57. Rg6 Qe1+ 58. Kh3 Nf4+ 59. Qxf4 Qh1+ 60. Kg4 Qg2+ 61. Qg3 Qe4+ 62.
Kg5 Qe2 63. Rxg7+ Kxg7 64. Kf5+ Kh8 65. Qh4+ 1-0

[Event "ch-IND"]
[Site "Mumbai IND"]
[Date "2003.01.23"]
[Round "9"]
[White "Roy Chowdhury,S"]
[Black "Satyapragyan,S"]
[Result "1/2-1/2"]
[WhiteElo "2395"]
[BlackElo "2438"]
[EventDate "2003.01.18"]

1. d4 Nf6 2. Nf3 e6 3. e3 b6 4. Bd3 Bb7 5. O-O c5 6. c4 d6 7. b3 Be7 8. Bb2
Nbd7 9. Nc3 cxd4 10. exd4 O-O 11. Re1 a6 12. Qe2 Re8 1/2-1/2

[Event "ch-IND"]
[Site "Mumbai IND"]
[Date "2003.01.23"]
[Round "9"]
[White "Prathamesh,S"]
[Black "Suvrajit,S"]
[Result "1/2-1/2"]
[WhiteElo "2366"]
[BlackElo "2390"]
[EventDate "2003.01.18"]

1. e4 c5 2. Nf3 d6 3. d4 cxd4 4. Nxd4 Nf6 5. Nc3 a6 6. Be2 e5 7. Nb3 Be7 8.
O-O O-O 9. Kh1 b6 10. Be3 Bb7 11. f3 b5 12. Qd2 Nbd7 13. a4 b4 14. Nd5 Nxd5
15. exd5 Nf6 16. Bc4 Qc7 17. Qd3 Rac8 18. Nd2 a5 19. Rac1 Nd7 20. b3 f5 21.
c3 Nc5 22. Qe2 bxc3 23. Rxc3 Bf6 24. Rc2 Qf7 25. Rd1 Na6 26. Nb1 Nb4 27.
Rcd2 h6 28. Na3 Kh8 29. Nb5 Qe7 30. Bb6 Bg5 31. Rb2 Nxd5 32. Bxd5 Bxd5 33.
Rxd5 Qb7 34. Rxd6 Qxb6 35. Rc2 Rxc2 36. Qxc2 Qe3 37. Rd1 e4 38. Nd4 Be7 39.
h3 exf3 40. Nxf3 Qe4 41. Qc7 Bb4 42. Rd7 Rg8 43. Qb6 Qb1+ 44. Kh2 Qxb3 45.
Ng5 hxg5 46. Qg6 Bd6+ 47. Rxd6 Rf8 48. Rd7 Qb8+ 49. Kh1 Qb1+ 50. Kh2 Qb8+
51. Kh1 Qe5 52. Qxg5 Qe1+ 53. Kh2 Qe5+ 54. Kh1 Qe1+ 1/2-1/2

[Event "ch-IND"]
[Site "Mumbai IND"]
[Date "2003.01.23"]
[Round "9"]
[White "Saravanan,V"]
[Black "Thipsay,P"]
[Result "1/2-1/2"]
[WhiteElo "2357"]
[BlackElo "2465"]
[EventDate "2003.01.18"]

1. d4 Nf6 2. g3 g6 3. Bg2 Bg7 4. e4 d6 5. Ne2 O-O 6. O-O Nbd7 7. h3 a6 8.
Be3 c5 9. a4 Rb8 10. Nbc3 b6 11. g4 cxd4 12. Bxd4 Bb7 13. Qd2 Nc5 14. Ng3
e5 15. Be3 Qc7 16. g5 Ne8 17. Nd5 Bxd5 18. Qxd5 Ne6 19. c3 Qe7 20. h4 Nf4
21. Bxf4 exf4 22. Ne2 Nc7 23. Qd2 f6 24. Qxf4 fxg5 25. Qxg5 Bf6 26. Qg4
Bxh4 27. Nd4 Qg5 28. Qxg5 Bxg5 29. Rad1 Rf6 30. Rd3 Bf4 31. Bh3 Re8 32. f3
Kh8 33. Ne2 Bh6 34. Rfd1 Bf8 35. Bg2 Ne6 36. Rxd6 Bxd6 37. Rxd6 Kg7 38.
Rxb6 Nc5 39. Rb4 Nd3 40. Rb7+ Rf7 41. Rb6 Rf6 42. Rb7+ Rf7 43. Rb6 Rf6
1/2-1/2

[Event "ch-IND"]
[Site "Mumbai IND"]
[Date "2003.01.24"]
[Round "10"]
[White "Bakre,T"]
[Black "Arvind,S"]
[Result "1-0"]
[WhiteElo "2464"]
[BlackElo "2330"]
[EventDate "2003.01.18"]

1. e4 c6 2. d4 d5 3. e5 Na6 4. a3 g6 5. h3 h5 6. Nf3 Nh6 7. Be2 Nf5 8. O-O
Nc7 9. b3 Ne6 10. c3 Bh6 11. Bxh6 Nxh6 12. Qc1 Qb6 13. b4 a5 14. Rd1 Nf5
15. Nbd2 g5 16. Nf1 Nf4 17. Qd2 Rg8 18. Bd3 Nxd3 19. Qxd3 g4 20. hxg4 hxg4
21. Nh4 Nxh4 22. Qh7 Rf8 23. Qxh4 Be6 24. Rab1 a4 25. Qh7 O-O-O 26. Qd3 Qb5
27. Qxb5 cxb5 28. Ng3 Rh8 29. Kf1 Kd7 30. Ke2 Rc8 31. Rbc1 Rhf8 32. Nh5 f6
33. exf6 exf6 34. Ke3 Rh8 35. Rh1 Kd6 36. Kf4 Rc7 37. Ng3 Rhc8 38. Ne2 Rg7
39. Rh6 Ke7 40. Rch1 Bg8 41. R6h4 Be6 42. Rh7 Kf7 43. Rh8 Rc6 44. R1h7 Bc8
45. Rxg7+ Kxg7 46. Rd8 Re6 47. Ng3 Rc6 48. Rxd5 b6 49. Rd8 Rxc3 50. Ne4 Rc2
51. d5 Rc4 52. d6 Be6 53. Re8 f5 54. Rxe6 fxe4 55. Rxe4 Rc2 56. Rd4 Rxf2+
57. Kxg4 Rf8 58. d7 Rd8 59. Kf5 Kf7 60. Ke5 Ke7 61. g4 1-0

[Event "ch-IND"]
[Site "Mumbai IND"]
[Date "2003.01.24"]
[Round "10"]
[White "Prakash,G"]
[Black "Ravi,L"]
[Result "1/2-1/2"]
[WhiteElo "2439"]
[BlackElo "2419"]
[EventDate "2003.01.18"]

1. d4 Nf6 2. c4 e6 3. Nf3 d5 4. Nc3 dxc4 5. e4 Bb4 6. Bg5 c5 7. Bxc4 cxd4
8. Nxd4 Qa5 9. Bxf6 Bxc3+ 10. bxc3 Qxc3+ 11. Kf1 gxf6 12. Rc1 Qa5 13. h4
Ke7 14. Rh3 Nc6 15. Nxc6+ bxc6 16. Qe2 Rd8 17. Rhc3 Rb8 18. Kg1 Bd7 1/2-1/2

[Event "ch-IND"]
[Site "Mumbai IND"]
[Date "2003.01.24"]
[Round "10"]
[White "Thipsay,P"]
[Black "Kunte,A"]
[Result "1/2-1/2"]
[WhiteElo "2465"]
[BlackElo "2507"]
[EventDate "2003.01.18"]

1. e4 c5 2. Nf3 e6 3. d4 cxd4 4. Nxd4 Nf6 5. Nc3 d6 6. Be2 a6 7. O-O Qc7 8.
f4 Be7 9. Kh1 O-O 10. a4 Nc6 11. Be3 Re8 12. Bg1 Rb8 13. Qd3 Nd7 14. f5 Bf6
15. fxe6 fxe6 16. Rad1 Nde5 17. Qd2 Qe7 18. Nf3 Nf7 19. Bc4 Bd7 20. Bb6
Rbc8 21. Bb3 Nce5 22. Nxe5 Bxe5 23. Bd4 Bc6 24. Qe3 Qg5 25. Qxg5 Nxg5
1/2-1/2

[Event "ch-IND"]
[Site "Mumbai IND"]
[Date "2003.01.24"]
[Round "10"]
[White "Suvrajit,S"]
[Black "Ganguly,S"]
[Result "0-1"]
[WhiteElo "2390"]
[BlackElo "2556"]
[EventDate "2003.01.18"]

1. d4 d5 2. Nf3 Nf6 3. Bf4 g6 4. c3 Bg7 5. e3 Nh5 6. Be5 f6 7. Bg3 Nxg3 8.
hxg3 e5 9. dxe5 fxe5 10. e4 c6 11. Bd3 O-O 12. Nbd2 Bg4 13. Qe2 a5 14.
O-O-O a4 15. a3 Qf6 16. Bb1 Nd7 17. Ba2 Be6 18. exd5 cxd5 19. Qb5 d4 20.
Ne4 Bxa2 21. Nxf6+ Nxf6 22. Nxe5 dxc3 23. b4 Bb3 24. Nd7 c2 25. Nxf6+ Bxf6
26. Rd7 Rfe8 27. Rdxh7 Rad8 28. Rd7 Rxd7 29. Qxd7 Rd8 30. Rh7 Rxd7 31. Rxd7
b5 32. f4 Bc3 33. Rd3 Bf6 34. Rd7 Kf8 35. Rd3 g5 36. Rf3 Ke7 37. Re3+ Kd6
38. Re2 Kd5 39. Re8 Kc4 40. Re6 Bd4 41. Kd2 Bb2 42. Rc6+ Kd5 43. Rc5+ Kd4
44. fxg5 c1=Q+ 45. Rxc1 Bxc1+ 46. Kxc1 Kc3 47. g6 Bg8 48. g4 Kb3 49. Kd2
Kxa3 50. Kc3 Ka2 51. Kc2 Bb3+ 52. Kc1 Ka3 53. g7 Kxb4 54. Kb2 a3+ 55. Ka1
Kc3 0-1